1146 1860 1762 1182 1294 1776 1951 1622 1113 1831 1417 1051 1850 1964 1136 1586 1912 1009 1688 1355 1318 1209 1886 1617 1115 1217 1365 1612 1461 1535 1418 1880 1566 1002 1081 1235 1488 1668 1274 1371 1733 1923 1857 1312 1109 1916 1969 1857 1684 1788 1216 1164 1467 1078 1118 1131 1038 1950 1588 1213 1110 1224 1925 1614 1942 1373 1424 1863 1371 1633 1390 1341 1818 1323 1553 1102 1666 1742 1409 1198 1757 1508 1110 1072 1312 1971 1469 1130 1602 1693 1991 1818 1122 1247 1916 1883 1018 1854 1762 BCNSPRNW ULIB Ver.6.0+V

เปลี่ยนเป็นภาษาไทย

Change to English
 แสดงรายละเอียดบรรณานุกรม
  กลับหน้าหลัก

Brief Record : Get Marc (ISO 2709) : E-mail record : QR code < ปิดหน้าต่าง
LEADER : 00000nas 2200000uu 4500
001    13399120114
003     ULIB
008    020711s|||| th a 000 0 tha d
110    สมาคมโภชนาการแห่งประเทศไทย
245    วารสารโภชนาการ/^cสมาคมโภชนาการแห่งประเทศไทย
260    กรุงเทพฯ :^bสมาคมโภชนาการแห่งประเทศไทย,^cม.ป.ป.
310    ^aรายสี่เดือน
850 ^a ULIB^bฉบับที่ 3 ปีที่ 42 ;ฉบับที่ 1 ปีที่ 48 ;ฉบับที่ 1 ปีที่ 51 ฉ.1 ;ฉบับที่ 1 ปีที่ 51 ฉ.2
945    ^p0^l0^i900674
945    ^p0^l0^i902140
945    ^p0^l0^i904004
945    ^p0^l0^i904005
999    ^aวรรณษา ชูชัยมงคล
รายการนี้ยังไม่มีแท็ก
คุณยังไม่ได้ล็อกอิน คุณสามารถมีกิจกรรมร่วมกับเว็บไซต์ได้ แต่ต้องล็อกอินก่อน ::
  ล็อกอิน

รายการสื่อสารสนเทศ (วารสาร)

ดูแบบ: กล่อง รายการ
ARRIVED
ฉบับที่ 3 ปีที่ 42
สถานที่: ห้องสมุดวิทยาเขตสวรรค์ประชารักษ์ >วารสาร
ARRIVED
ฉบับที่ 1 ปีที่ 48
สถานที่: ห้องสมุดวิทยาเขตสวรรค์ประชารักษ์ >วารสาร
ARRIVED
ฉบับที่ 1 ปีที่ 51 ฉ.1
สถานที่: ห้องสมุดวิทยาเขตสวรรค์ประชารักษ์ >หนังสือพิมพ์

BibComment


ยังไม่เคยถูกคอมเมนท์

คอมเมนท์ทรัพยากรรายการนี้
  คอมเมนท์: วารสารโภชนาการ สม..


 Copyright 2026. Bcnsprnw @Library